000 00207nam a22001097a 4500
082 _a621.38FRA
100 _aFraswr
245 _aTelecommunications
260 _aLondon
_c1970
300 _a803
942 _cBK
999 _c12931
_d12931